<?xml version="1.0" encoding="UTF-8"?>
<collection xmlns="http://www.loc.gov/MARC21/slim">
 <record>
  <leader>01941nam a2200277Ia 4500</leader>
  <controlfield tag="001">TVU_12866</controlfield>
  <controlfield tag="008">210423s9999    xx            000 0 und d</controlfield>
  <datafield tag="020" ind1=" " ind2=" ">
   <subfield code="a">0198526954</subfield>
  </datafield>
  <datafield tag="020" ind1=" " ind2=" ">
   <subfield code="a">9780198526957</subfield>
  </datafield>
  <datafield tag="041" ind1=" " ind2=" ">
   <subfield code="a">eng</subfield>
  </datafield>
  <datafield tag="082" ind1=" " ind2=" ">
   <subfield code="a">616.89001</subfield>
  </datafield>
  <datafield tag="082" ind1=" " ind2=" ">
   <subfield code="b">F510</subfield>
  </datafield>
  <datafield tag="100" ind1=" " ind2=" ">
   <subfield code="a">Fulford, K. W. M.</subfield>
  </datafield>
  <datafield tag="245" ind1=" " ind2="0">
   <subfield code="a">Oxford textbook of philosophy and psychiatry</subfield>
  </datafield>
  <datafield tag="245" ind1=" " ind2="0">
   <subfield code="c">K.W.M. (Bill) Fulford, Tim Thornton, George Graham.</subfield>
  </datafield>
  <datafield tag="260" ind1=" " ind2=" ">
   <subfield code="a">Oxford,New York</subfield>
  </datafield>
  <datafield tag="260" ind1=" " ind2=" ">
   <subfield code="b">Oxford University Press</subfield>
  </datafield>
  <datafield tag="260" ind1=" " ind2=" ">
   <subfield code="c">2006</subfield>
  </datafield>
  <datafield tag="300" ind1=" " ind2=" ">
   <subfield code="a">xxxvii, 872 p.</subfield>
  </datafield>
  <datafield tag="300" ind1=" " ind2=" ">
   <subfield code="b">ill.</subfield>
  </datafield>
  <datafield tag="300" ind1=" " ind2=" ">
   <subfield code="c">29 cm</subfield>
  </datafield>
  <datafield tag="504" ind1=" " ind2=" ">
   <subfield code="a">Includes bibliographical references (p. [809]-849) and indexes</subfield>
  </datafield>
  <datafield tag="520" ind1=" " ind2=" ">
   <subfield code="a">Mental health research and care in the twenty first century faces a series of conceptual and ethical challenges arising from unprecedented advances in the neurosciences, combined with radical cultural and organisational change. The Oxford Textbook of Philosophy of Psychiatry is aimed at all those responding to these challenges, from professionals in health and social care, managers, lawyers and policy makers; service users, informal carers and others in the voluntary sector; through to philosophers, neuroscientists and clinical researchers. Organised around a series of case studies in five key topic areas - concepts of disorder, the philosophical history of psychopathology, philosophy of science, ethics and philosophical value theory, and philosophy of mind - the book provides a detailed introduction to the field and a framework for study and skill development. Each case study is supported by selected readings from both philosophy and mental health, thinking skills exercises, self-test questions, key learning points and detailed guides to further reading</subfield>
  </datafield>
  <datafield tag="650" ind1=" " ind2=" ">
   <subfield code="a">Mental illness; Psychiatry; Mental Disorders; Psychiatry; Philosophy</subfield>
  </datafield>
  <datafield tag="700" ind1=" " ind2=" ">
   <subfield code="a">K.W.M.  Fulford; Tim Thornton; George Graham.</subfield>
  </datafield>
  <datafield tag="980" ind1=" " ind2=" ">
   <subfield code="a">Trung tâm Học liệu Trường Đại học Trà Vinh</subfield>
  </datafield>
 </record>
</collection>
